Water and land use management in drought prone area of central Maharashtra (Record no. 22797)

MARC details
000 -LEADER
fixed length control field 00313nam a2200121Ia 4500
082 ## - DEWEY DECIMAL CLASSIFICATION NUMBER
Classification number RI.0039
100 ## - MAIN ENTRY--AUTHOR NAME
Personal name Iyer, Souma
245 #0 - TITLE STATEMENT
Title Water and land use management in drought prone area of central Maharashtra
260 ## - PUBLICATION, DISTRIBUTION, ETC. (IMPRINT)
Year of publication 1995
300 ## - PHYSICAL DESCRIPTION
Number of Pages 135p.
942 ## - ADDED ENTRY ELEMENTS (KOHA)
Koha item type Books
Holdings
Withdrawn status Lost status Damaged status Not for loan Home library Current library Date acquired Bill Date Full call number Accession Number Price effective from Koha item type
        NASSDOC Library NASSDOC Library 08/10/2004 2008-12-30 RI.0039 34170 18/04/2019 Books